EUROPEAN Football Players (Part 1) - Statistics

General Stats
  • This quiz has been taken 32 times
  • The average score is 13 of 16
Answer Stats
Picture Answer % Correct
Cristiano Ronaldo
100%
Erling Haaland
100%
Luka Modric
100%
Robert Lewandowski
100%
Antonio Rüdiger
93%
Jordan Pickford
93%
David Alaba
89%
Virgil Van Dijk
89%
Phil Foden
86%
Bernardo Silva
82%
Olivier Giroud
82%
Álvaro Morata
79%
Jordan Henderson
79%
Lorenzo Insigne
64%
Raphaël Varane
64%
Tomás Soucek
43%
No matching quizzes found
Score Distribution
Percent of People with Each Score
Percentile by Number Answered
Your Score History
You have not taken this quiz